000 00486nam a2200181Ia 4500
001 24734
005 20260414151103.0
008 260414t2002||||xx |||||||||||||| ||spa||
041 _aESP
082 _a345.73
_bE31
100 _aEguiguren Praeli, Francisco José (Coord.)
_eAUT
245 0 _aPropuestas para la reforma de la ley orgánica del poder judicial
_b
260 _c2002
300 _a392 páginas :
_ccm.
650 _aDER
654 _aCDE
942 _cLIB
_dJUS
_fJUS
_2ddc
_n
999 _c24734
_d24734